000 00338 a2200157 4500
001 62166
020 _a8516004791
040 _cAnchieta - Pituba
100 _aSoares, Paulo Toledo
240 1 0 _aO mundo das cores
_lpor
245 1 0 _aO mundo das cores
300 _a56
362 0 _a1991
650 4 _aEnsino fundamental
942 _cBK
999 _c62166
_d62166